[Event "Sabadell Open 2018"]
[Site "Sabadell"]
[Date "2018.09.10"]
[Round "9"]
[White "Cruz, Cristhian"]
[Black "Lorenzo De La Riva, Lazaro"]
[Result "1-0"]
[WhiteElo "2571"]
[BlackElo "2399"]
[Annotator "TA"]
[PlyCount "135"]
[EventDate "2018.09.01"]
[EventType "swiss"]
[EventCountry "ESP"]
[SourceTitle "playchess.com"]
[Source "ChessBase"]
[SourceQuality "1"]

{[%evp 22,135,75,67,67,63,85,53,64,54,50,20,52,33,51,7,32,24,25,-8,46,33,47,29,34,36,42,25,0,16,22,-74,40,34,45,28,62,0,0,0,0,-10,0,0,8,-122,110,111,97,88,83,-5,-5,-3,-8,-3,-3,-8,-8,-4,-5,-20,-17,-36,0,0,25,-27,314,-70,573,566,548,557,612,609,609,600,574,568,619,585,626,615,606,512,835,835,835,759,715,645,5758,5747,5683,5616,4934,4918,29974,29976,29976,29977,29977,29975,29976,29977,29976,29978,29979,29980,29980,29981,29981,29978,29981,29982]} 1. d4 Nf6 2. c4 g6 3. Nc3 Bg7 4. e4 d6 5. Be2 O-O 6. Be3 e5 7. d5 Na6 8. Nf3 Ng4 9. Bg5 f6 10. Bh4 Nh6 11. Nd2 {E92: King's Indian: Classical: 6 Be2 e5: 7 dxe5, 7 Be3 and Petrosian System without 7...Nbd7} c5 12. f3 {LiveBook: 4 Games} Bd7 (12... Nf7 13. a3 Bh6 14. Bf2 f5 15. h4 Bd7 16. Rb1 b6 17. b4 Qe7 18. Bd3 Nc7 {½-½ (55) Vogel,R (2415)-Van Kampen,R (2643) Germany 2017}) 13. a3 {White is slightly better.} b6 $146 ({Predecessor:} 13... Qe8 14. b3 f5 15. Rb1 g5 {0-1 (32) Obsivac,J (2355)-Salai,L (2409) Olomouc 1999}) 14. Rb1 Nf7 15. b4 Bh6 16. Nb5 Be3 17. Rb3 Bg5 18. Bg3 f5 19. exf5 gxf5 20. O-O Bf6 (20... Bf4 $11) 21. Qb1 Bg7 22. Bf2 Kh8 23. Kh1 Nc7 24. Bd3 {Threatening Nxc7.} Nxb5 25. cxb5 Qg5 26. Nc4 (26. Be1 $11) 26... cxb4 (26... Bxb5 $17 27. Qe1 Bf6) 27. Rxb4 $14 Rac8 28. a4 Rg8 29. Rg1 (29. Qa2 $14) 29... Bf6 $11 30. a5 bxa5 31. Ra4 Rg6 {...Rh6 is the strong threat.} 32. g4 {[%cal Rg4f5]} (32. Nxa5 $2 Rh6 $19) 32... Qf4 33. Rg3 (33. Be2 $11) 33... Qh6 $2 (33... e4 $1 $17 {[%cal Re4d3]} 34. Be3 Rxc4 35. Bxf4 Rxa4) 34. Bxf5 $16 Bxf5 35. Qxf5 Rc7 36. Be3 ({White should play} 36. b6 $16 axb6 37. Bxb6) 36... Bg5 $11 37. b6 $132 {[%mdl 2048] White has counterplay} axb6 38. Bxb6 Rf6 39. Qd3 Rc8 40. Rxa5 Bf4 41. Rg2 Ng5 {And now ...Bxh2! would win.} 42. Bg1 Qh3 (42... Qg6 $5 {[%cal Rg6d3]} 43. Nb2 (43. Qxg6 Rxg6 44. Nb6 Rc1 $17) 43... Qxd3 44. Nxd3 Nxf3 $15) 43. Ra3 Bc1 44. Ra7 ({Better is} 44. Nxd6 Rxd6 45. Rc3 Rxc3 46. Qxc3) 44... Rxf3 $2 {[%mdl 8192] [#]} (44... Qxf3 $11 {and Black is okay.} 45. Qxf3 Nxf3) 45. Qb1 $2 ({White must play} 45. Qe2 $1 $18 Bf4 46. Nxd6) 45... Rf7 $2 {[%mdl 8192]} (45... Rf1 $15 {stays ahead.} 46. Nd2 {[#]} (46. Qb7 Rg8 $17) 46... Rxg1+ $1 {[%mdl 512]} 47. Rxg1 Bxd2) 46. Rxf7 Nxf7 47. Qxc1 Qd3 {[#]} 48. Nxe5 $1 Rxc1 (48... dxe5 49. Qxc8+) 49. Nxd3 Rd1 50. Nf4 Kg7 51. Re2 Ne5 52. Kg2 Nxg4 53. h3 Ne5 (53... Nf6 $142 54. Re7+ Kf8) 54. Bd4 $18 Kf6 55. Nh5+ Kf5 56. Ng3+ Kf6 57. Ne4+ Ke7 58. Bxe5 dxe5 59. Rd2 Rxd2+ 60. Nxd2 {[%mdl 4096] Endgame KN-KPP. White mates.} Kd6 61. Kf3 Kxd5 62. Ke3 Ke6 63. Ke4 Kf6 64. Nf3 Kg6 65. Kxe5 Kh5 66. Kf5 h6 67. Kf4 Kg6 68. Kg4 {Precision: White = 38%, Black = 20%.} 1-0

[Event "Sabadell Open 2018"]
[Site "Sabadell"]
[Date "2018.09.10"]
[Round "9"]
[White "Gonzalez Garcia, Jose"]
[Black "Munoz, Miguel"]
[Result "1/2-1/2"]
[WhiteElo "2497"]
[BlackElo "2471"]
[Annotator "TA"]
[PlyCount "130"]
[EventDate "2018.09.01"]
[EventType "swiss"]
[EventCountry "ESP"]
[SourceTitle "playchess.com"]
[Source "ChessBase"]
[SourceQuality "1"]

{[%evp 24,129,62,61,61,62,72,70,88,63,77,58,102,105,120,120,122,122,122,122,120,125,134,105,106,105,122,102,102,104,117,98,133,115,137,97,137,136,204,169,197,143,128,0,0,0,0,0,0,0,0,0,0,0,0,0,0,0,0,0,0,0,0,0,0,0,0,0,0,0,0,0,0,0,0,0,0,0,0,0,0,-80,0,0,0,0,0,0,0,0,0,0,0,0,0,0,0,0,0,0,0,0,0,0,0,0,0,0]} 1. d4 c5 2. d5 Nf6 3. c4 g6 4. Nc3 Bg7 5. e4 d6 6. Bd3 e6 7. h3 exd5 8. exd5 O-O 9. Nf3 Qe7+ 10. Be3 {E90: King's Indian: Classical: Early deviations and 6 h3} Bh6 11. Qe2 (11. O-O Bxe3 12. Qe2 Nbd7 13. Rae1 Re8 14. Nb5 Ne5 15. Qxe3 Qd8 16. Nxe5 Rxe5 17. Qg3 Nh5 {1-0 (54) Kuybokarov,T (2499)-Yuffa,D (2570) Abu Dhabi 2018}) 11... Bxe3 12. Qxe3 Qxe3+ 13. fxe3 {LiveBook: 3 Games} Nbd7 14. Kd2 $146 ({Predecessor:} 14. Rf1 Kg7 {0-1 (67) Dobosz,H (2395)-Urban,K (2435) Bayern 1998}) 14... b6 15. Rhf1 Ne8 16. Rf2 f5 17. e4 f4 18. e5 Nxe5 19. Nxe5 dxe5 20. Re1 Nd6 21. Rxe5 Ba6 22. b3 Rf7 23. Ne4 Nxe4+ 24. Bxe4 Raf8 25. Kc3 Kg7 26. Bf3 Bc8 27. b4 cxb4+ 28. Kxb4 Bf5 29. Kc3 Rc8 30. Kd4 Bd7 (30... h5 $16 31. Be2 Bd7) 31. Rfe2 Kf6 32. R2e4 (32. R5e4 $18) 32... Bf5 $16 33. Re1 ({White should play} 33. Re8 $16) 33... Rfc7 $36 {[%csl Gc8][%cal Rc7c4][%mdl 2048] Black is pushing.} 34. Be2 f3 $1 {[%cal Rf3e2]} 35. gxf3 Bxh3 36. a4 {[%cal Ba2a4,Ba4a5][%mdl 32]} Bf5 {[#]} 37. a5 $1 {[%mdl 512]} h5 (37... bxa5 38. d6) 38. f4 h4 39. Rh1 h3 40. axb6 axb6 41. Re3 Re7 42. Rxe7 Kxe7 43. Bd3 Bxd3 44. Kxd3 {[%mdl 4096] Endgame KR-KR} Rh8 45. Ke4 Kd6 46. Kf3 Kc5 47. Kg4 Kxc4 48. d6 b5 49. d7 {Black must now prevent Rc1+.} Rd8 {Hoping for ...b4.} 50. Rxh3 Rxd7 51. Kg5 $1 Rd6 (51... Rf7 $11 52. Rf3 b4) 52. Rh6 $1 $17 {[#]} Kd5 ({Black should try} 52... Kc5 $1 $17 {And now ...b4 would win.} 53. Rh1 b4 54. Rc1+ Kb5) 53. Rxg6 $11 {The position is equal.} Rxg6+ 54. Kxg6 {KP-KP} b4 55. f5 b3 56. f6 b2 57. f7 b1=Q+ 58. Kg7 Qg1+ 59. Kh7 Qf2 60. Kg7 Qg3+ 61. Kh7 Qf4 62. Kg7 Qg5+ 63. Kh7 Qf6 {( -> ...Ke6)} 64. Kg8 Qg6+ 65. Kh8 Qxf7 $4 {[%mdl 8192] Precision: White = 83%, Black = 57%.} (65... Qb1) 1/2-1/2

[Event "Sabadell Open 2018"]
[Site "Sabadell"]
[Date "2018.09.10"]
[Round "9"]
[White "Aguero Jimenez, Luis Lazaro"]
[Black "Diaz Camallonga, Carles"]
[Result "1/2-1/2"]
[WhiteElo "2483"]
[BlackElo "2447"]
[Annotator "TA"]
[PlyCount "78"]
[EventDate "2018.09.01"]
[EventType "swiss"]
[EventCountry "ESP"]
[SourceTitle "playchess.com"]
[Source "ChessBase"]
[SourceQuality "1"]

{[%evp 35,78,13,20,15,41,31,24,0,0,-12,-16,-10,0,-6,-6,-18,-23,-12,-11,-51,-51,-52,-25,-25,-23,-21,-20,-26,-21,-90,-89,-102,-24,-18,-14,-20,-22,-29,-10,-12,-13,-23,-24,-43,-8]} 1. Nf3 Nf6 2. g3 b6 3. Bg2 Bb7 4. O-O c5 5. c4 e6 6. d4 cxd4 7. Qxd4 d6 8. Nc3 a6 9. Rd1 Nbd7 10. b3 Be7 11. e4 Qc7 12. Ba3 Nc5 13. e5 dxe5 14. Qxe5 Rc8 15. Qxc7 Rxc7 16. Bc1 Nfe4 {A30: Symmetrical English: Double Fianchetto and Hedgehog} 17. Bf4 Rc8 18. Nxe4 Bxe4 {LiveBook: 9 Games. The position is equal.} 19. Rd2 Bc6 20. Rad1 f6 {[#]} 21. Re1 $146 ({Predecessor:} 21. Be3 Kf7 22. Ne1 Rhe8 23. Bxc6 Rxc6 24. f3 {½-½ (40) Nogueiras Santiago,J (2555)-Short,N (2575) Montpellier 1985}) 21... Kf7 22. b4 Ne4 23. Rb2 Ba8 24. Rc1 Nd6 25. Bxd6 (25. Nd2 {feels hotter.} Bxg2 26. Bxd6 Bxd6 27. Kxg2 Rhd8 28. Rcc2) 25... Bxd6 26. Ne1 Bxg2 27. Nxg2 (27. Kxg2 {is interesting.} a5 28. a3 Rhd8 29. Rb3 e5 30. f3) 27... Rhd8 $36 {[%mdl 2048] Black is pushing.} 28. Ne3 a5 29. a3 $1 Be5 30. Rbb1 axb4 31. axb4 Bd4 32. c5 (32. Rc2 $11 {remains equal.}) 32... bxc5 $17 33. Nc4 cxb4 {[#]} (33... e5 $17) 34. Nd6+ $1 $11 {[%mdl 512]} Rxd6 35. Rxc8 Bc3 36. Kg2 e5 37. Rc7+ Kg6 38. Rc1 Rd2 39. g4 Rd4 {Precision: White = 37%, Black = 54%.} 1/2-1/2

[Event "Sabadell Open 2018"]
[Site "Sabadell"]
[Date "2018.09.10"]
[Round "9"]
[White "Valdes Romero, Leonardo"]
[Black "Aroshidze, Levan"]
[Result "0-1"]
[WhiteElo "2398"]
[BlackElo "2513"]
[Annotator "TA"]
[PlyCount "90"]
[EventDate "2018.09.01"]
[EventType "swiss"]
[EventCountry "ESP"]
[SourceTitle "playchess.com"]
[Source "ChessBase"]
[SourceQuality "1"]

{[%evp 20,90,5,-34,0,-58,-54,-56,-52,-114,-119,-139,-145,-137,-136,-126,-115,-141,-130,-126,-98,-122,-64,-56,-63,-57,-53,-54,-55,-68,-66,-49,-40,-49,-44,-33,-50,-46,-62,-90,-102,-97,-64,-64,-46,-45,-26,-72,-87,-134,-141,-140,-125,-215,-214,-314,-302,-400,-391,-394,-397,-595,-593,-764,-788,-29980,-745,-743,-743,-1562,-1572,-1284,-1284]} 1. Nf3 c5 2. c4 g6 3. Nc3 Bg7 4. g3 Nc6 5. Bg2 d6 6. a3 e6 7. b4 Nge7 8. Rb1 O-O 9. O-O b6 10. e3 Bb7 11. d4 {LiveBook: 23 Games} Rb8 {A37: Symmetrical English vs ...g6: 4 Bg2 Bg7 5 Nf3} 12. Qd3 ({White should play} 12. h3 $11) 12... cxd4 $146 ({Predecessor:} 12... d5 13. cxd5 Nxd5 14. Nxd5 Qxd5 15. Ne1 Qd8 16. dxc5 bxc5 17. Qb5 Nd4 18. Qxc5 Ne2+ 19. Kh1 Bxg2+ 20. Nxg2 Qd3 21. Bb2 Bxb2 22. Rfe1 Bc3 23. Rbd1 Bd2 {0-1 (23) Bakre,T (2530)-Venkatesh,M (2455) Calvi 2011}) 13. exd4 d5 {Black is slightly better.} 14. c5 (14. cxd5 $15 Nxd5 15. Ne4) 14... bxc5 $1 $17 15. bxc5 Qa5 $1 16. Rb5 Ba6 17. a4 Bxb5 18. axb5 Nb4 19. Qe2 Nf5 20. Bb2 Na2 ({Better is} 20... Nxd4 $17 21. Nxd4 Bxd4 22. Nxd5 Bxb2 23. Ne7+ Kg7 24. Qxb2+ f6) 21. Nxa2 $15 Qxa2 22. Ra1 Qc4 23. Bf1 $1 {next Qd2 is good for White.} Rxb5 24. Qd1 Qb3 25. Bxb5 Qxb2 26. Rb1 Qc3 {[%cal Rf5d4]} 27. Rb3 Qa5 28. g4 Ne7 29. Bd7 {[#]} Qc7 $1 {[%cal Rc7d7]} 30. Ba4 h6 31. Qd2 Kh7 32. h3 Rc8 33. Qb4 {[#]} Bf6 $1 34. Qb5 Kg7 35. Qa6 Qf4 36. Qxa7 (36. Qd3 $17 {might work better.}) 36... h5 $19 {[%cal Bh6h5,Bh5g4][%mdl 32]} ({And not} 36... Bxd4 37. Nxd4 Qxd4 38. Rb7 $14 (38. Qxe7 Qxa4 39. Rf3 Qe8 $17)) 37. g5 (37. gxh5 $142 gxh5 38. Qa6) 37... Bxg5 38. Qa6 Bf6 39. Kg2 g5 40. c6 (40. Qe2 $142 Nf5 41. Rb4) 40... g4 {And now ...Nf5 would win.} 41. hxg4 hxg4 42. Nh2 Qe4+ (42... Rh8 $142 43. Nxg4 Qe4+ 44. f3 Qc2+ 45. Nf2 Bxd4 46. Qf1 Ng6 47. Qg1 Bxf2 48. Rb4 Qd2 49. Qxf2 Qxb4 50. Qg1 Nf4+ 51. Kf2+ Kf6 52. Qa1+ e5 53. Qc1 Qd4+ 54. Qe3 Rh2+ 55. Kg3 Qxe3 56. Kxh2 Qxf3 57. Kg1 Qg2#) 43. Kg1 {Black is clearly winning.} Bxd4 44. Rg3 Qe1+ 45. Qf1 Bxf2+ {Precision: White = 35%, Black = 71%.} 0-1

[Event "Sabadell Open 2018"]
[Site "Sabadell"]
[Date "2018.09.10"]
[Round "9"]
[White "Garcia Ramos, Daniel"]
[Black "Nieto Farreny, Francesc"]
[Result "*"]
[WhiteElo "2324"]
[BlackElo "2191"]
[Annotator "TA"]
[PlyCount "52"]
[EventDate "2018.09.01"]
[EventType "swiss"]
[EventCountry "ESP"]
[SourceTitle "playchess.com"]
[Source "ChessBase"]
[SourceQuality "1"]

{[%evp 26,52,7,0,6,0,0,0,0,-6,-10,-12,0,-15,-11,-18,2,0,0,-4,-2,-32,-12,-14,0,-47,-32,-62,-49]} 1. e4 c5 2. Nf3 g6 3. d4 cxd4 4. Nxd4 Nc6 5. Nc3 Bg7 6. Be3 Nf6 7. Bc4 Qa5 8. O-O O-O 9. Re1 d6 10. h3 Bd7 11. Bb3 Rfc8 {B35: Sicilian: Accelerated Dragon with 5 Nc3: main line} (11... Rac8 12. Qd2 Qa6 13. f4 Rfd8 14. Rad1 b5 15. Ndxb5 Nxe4 16. Qd5 Nf6 17. Qxf7+ Kh8 18. Qc4 Qb7 19. Qe2 Rf8 {½-½ (47) Sasikiran,K (2669)-Matlakov,M (2714) Khanty-Mansiysk 2017 CBM 179 [Sagar Shah]}) 12. Qe2 Qh5 13. Qxh5 Nxh5 14. Rad1 {LiveBook: 4 Games} Nf6 15. Nxc6 Bxc6 16. Nd5 $146 ({Predecessor:} 16. Bd4 Kf8 17. e5 dxe5 18. Bxe5 Rd8 19. Kf1 {½-½ (29) Xu,X (2466)-Vogt,L (2409) Gibraltar 2016}) 16... Kf8 17. Bg5 Bxd5 18. exd5 h6 19. Be3 (19. Bd2 {seems wilder.} b5 20. a3 Nd7 21. c3 a5 22. Re2) 19... Nd7 20. c3 Rc7 21. h4 b5 22. Re2 a5 23. Bc2 b4 24. cxb4 axb4 25. Bb1 Ra5 26. b3 h5 {Precision: White = 42%, Black = 50%.} *

[Event "Sabadell Open 2018"]
[Site "Sabadell"]
[Date "2018.09.10"]
[Round "9"]
[White "Jimenez Ruano, Adrian"]
[Black "Stella, Andrea"]
[Result "0-1"]
[WhiteElo "2244"]
[BlackElo "2508"]
[Annotator "TA"]
[PlyCount "60"]
[EventDate "2018.09.01"]
[EventType "swiss"]
[EventCountry "ESP"]
[SourceTitle "playchess.com"]
[Source "ChessBase"]
[SourceQuality "1"]

{[%evp 25,60,0,12,0,0,0,0,0,0,0,0,-20,-14,-46,-46,-47,-31,-40,-45,-43,-43,-53,-46,-93,-77,-99,-99,-99,-98,-97,-97,-240,-240,-239,-238,-238,-238]} 1. d4 e6 2. c4 Nf6 3. Nc3 d5 4. cxd5 Nxd5 5. e4 Nxc3 6. bxc3 c5 7. Nf3 cxd4 8. cxd4 Bb4+ 9. Bd2 Bxd2+ 10. Qxd2 O-O 11. Bc4 Nd7 12. O-O {D41: Queen's Gambit Declined: Semi-Tarrasch with 5 cxd5} b6 13. Qe3 (13. Rad1 Bb7 14. Rfe1 Rc8 15. Bb3 Nf6 16. Qf4 Re8 17. h3 Nh5 18. Qe5 Nf6 19. Qf4 Nh5 20. Qg4 Nf6 21. Qf4 {½-½ (21) So,W (2780)-Wei,Y (2729) chess.com INT 2018}) 13... Bb7 {LiveBook: 7 Games} 14. Rfd1 {The position is equal.} Rc8 15. Rac1 Nf6 16. Nd2 $146 ({Predecessor:} 16. Ng5 Qe7 17. Qh3 Bxe4 18. Nxe6 Rxc4 19. Nxf8 Rxc1 20. Rxc1 Kxf8 {0-1 (62) Zahedifar,A (2081)-Filippova,D (1888) Khanty-Mansiysk 2016}) 16... Qe7 17. f3 Rfd8 18. a3 Qd7 19. e5 Nd5 $36 {[%mdl 2048] Black fights for an advantage.} 20. Bxd5 Bxd5 ({Don't play} 20... Qxd5 $6 21. Ne4 $14) 21. Rxc8 Rxc8 22. Ne4 Qa4 23. Rd3 Bxe4 24. fxe4 $15 {[%mdl 4096] Endgame KQR-KQR} Qc2 25. h3 {[#]} Qb2 $1 26. Kh2 {[#]} h6 $1 27. Qg3 Rc1 28. d5 (28. Qf4 $17 {was necessary.}) 28... Qa1 $19 {[%csl Ga1][%cal Rc1h1] Black is clearly better.} 29. Qf4 Rh1+ 30. Kg3 Qe1+ {Precision: White = 36%, Black = 100%.} 0-1

[Event "Sabadell Open 2018"]
[Site "Sabadell"]
[Date "2018.09.10"]
[Round "9"]
[White "Gomez Jurado, Luis Alberto"]
[Black "Valenzuela Gomez, Fernando"]
[Result "0-1"]
[WhiteElo "2235"]
[BlackElo "2384"]
[Annotator "TA"]
[PlyCount "48"]
[EventDate "2018.09.01"]
[EventType "swiss"]
[EventCountry "ESP"]
[SourceTitle "playchess.com"]
[Source "ChessBase"]
[SourceQuality "1"]

{[%evp 11,48,-6,0,0,0,-39,-37,-32,-41,-47,7,0,0,-25,-37,-57,-29,-97,-92,-100,-114,-91,-94,-155,-140,-252,-227,-262,-213,-503,-510,-564,-545,-527,-454,-668,-660,-1054,-1048]} 1. c4 e5 2. g3 d6 3. Nc3 Be7 4. Bg2 f5 5. d3 Nf6 6. e4 O-O {LiveBook: 7 Games. A21: English Opening: 1...e5 2 Nc3} (6... fxe4 7. dxe4 O-O 8. Nge2 c6 9. O-O Be6 10. b3 a6 11. a4 a5 12. h3 Na6 13. Be3 Qd7 14. Kh2 {0-1 (37) Romanov,E (2626)-Sjugirov,S (2650) St Petersburg 2017}) 7. exf5 Bxf5 8. Bxb7 Nbd7 {Black is slightly better.} 9. Bxa8 Qxa8 10. Qf3 $1 Nc5 (10... Qxf3 $15 11. Nxf3 Bxd3) 11. Qxa8 $1 $11 Rxa8 12. f3 Nxd3+ 13. Ke2 Nb4 $36 {[%mdl 2048] Black is more active.} 14. Be3 (14. Bg5 $11 {keeps the balance.}) 14... Bd3+ $146 {[%cal Bf5d3,Bd3c4,Bc4e6,Be6d5][%mdl 32]} 15. Kd2 {aiming for a3.} Bxc4 16. b3 Be6 {[%mdl 1024] ...d5 is the strong threat. Black has strong compensation.} 17. Nge2 {[#]} (17. Bg5 $142) 17... d5 $1 {[%cal Bd6d5,Bd5d4,Bd4d3][%mdl 32] Strongly threatening ...d4.} 18. Bf2 (18. a3 $17 Nc6 19. Nb5) 18... d4 $19 19. Na4 Bd5 20. a3 $2 (20. Rhe1 {was the only defense.} Nc6 21. Ng1) 20... Bxf3 {Black is clearly winning.} 21. axb4 Ne4+ 22. Kc2 Bxh1 23. Rxh1 {[#]} (23. Be1 $142) 23... d3+ $1 {[%mdl 512]} 24. Kb2 (24. Kxd3 Nxf2+) 24... Nxf2 {Precision: White = 37%, Black = 63%.} 0-1

[Event "Sabadell Open 2018"]
[Site "Sabadell"]
[Date "2018.09.10"]
[Round "9"]
[White "Fernandez Diaz, Cristian"]
[Black "Garcia Gil, Javier"]
[Result "1-0"]
[WhiteElo "2221"]
[BlackElo "2141"]
[Annotator "TA"]
[PlyCount "161"]
[EventDate "2018.09.01"]
[EventType "swiss"]
[EventCountry "ESP"]
[SourceTitle "playchess.com"]
[Source "ChessBase"]
[SourceQuality "1"]

{[%evp 13,161,25,20,8,92,79,86,92,99,77,63,67,79,77,95,35,38,38,38,33,33,28,30,23,37,9,18,3,126,131,167,157,157,157,149,142,177,170,200,175,311,316,313,312,313,313,312,315,291,291,321,298,343,341,559,537,544,555,568,570,577,537,585,552,552,507,507,474,545,537,522,496,590,589,579,567,694,694,694,694,694,687,1318,1104,698,594,660,626,597,568,12837,12837,12835,1092,12838,12838,12838,12839,12841,12841,12841,12841,12842,12842,12851,12851,12851,12851,12851,12851,12851,12851,12851,12851,12851,12851,12851,12851,12851,12851,12851,12851,12851,12851,12851,29978,12851,29980,12851,29976,12851,29983,12851,29984,12851,29985,12851,29983,12851,29984,29984,29985,29985,29986,29986,29987,29987,29988,29990,29988]} 1. d4 Nf6 2. c4 e6 3. Nc3 Bb4 4. Qc2 d5 5. cxd5 exd5 6. Bg5 h6 7. Bh4 c5 8. dxc5 {E35: Nimzo-Indian: Classical: 4...d5 5 cxd5 exd5} Qa5 ({Much weaker is} 8... Bxc5 $6 9. O-O-O $16) (8... O-O $11) (8... O-O 9. e3 Be6 10. Nf3 Nbd7 11. Be2 Rc8 12. c6 bxc6 13. O-O Qa5 14. Nd4 Bd6 15. Rfd1 Rfe8 {0-1 (75) Vidit,S (2718)-Le,Q (2728) Danzhou 2018}) 9. Bxf6 $1 $16 gxf6 10. e3 $146 {White is better.} ({Predecessor:} 10. Nf3 Nc6 11. e3 Qxc5 12. a3 Bxc3+ 13. Qxc3 Qxc3+ 14. bxc3 {1-0 (47) Monell Camarasa,D (2250)-Canovas Quesada,J (1877) Torredembarra 2017}) 10... Bxc3+ 11. Qxc3 Qxc3+ 12. bxc3 Nd7 13. Bb5 Ke7 14. Bxd7 ({White should try} 14. c6 $16 Ne5 15. cxb7 Bxb7 16. Ne2) 14... Bxd7 $14 15. Ne2 Rhc8 16. O-O-O Rxc5 17. Kb2 Bb5 18. Nf4 $36 {[%mdl 2048] White is more active.} Bc4 19. Rd2 Rac8 20. Rhd1 R8c7 (20... Rb5+ $11 21. Ka1 Rcc5) 21. Rxd5 $1 $16 ({Don't play} 21. Nxd5+ $6 Bxd5 22. Rxd5 Rxc3 $11) 21... b5 22. Rxc5 Rxc5 $18 {[%mdl 4096] Endgame KRB-KRN} 23. Rd2 Be6 24. g3 f5 25. Rd4 Bc4 26. a3 Be6 (26... Rc6 $142 27. Nd5+ Ke6) 27. Nxe6 fxe6 {KR-KR} 28. Rh4 Rd5 29. Kc2 ({Weaker is} 29. Rxh6 Rd2+ 30. Kb3 Rxf2 $14) 29... a5 30. Rxh6 Rc5 31. Rh7+ Kd6 32. Rh4 e5 33. Kb3 e4 $2 {[#]} (33... Ke6 34. Rh8 Rc4) 34. Rh8 Rc4 35. Ra8 a4+ 36. Kc2 Ke6 37. h4 {[%cal Bh2h4,Bh4h5][%mdl 32]} Kf6 38. Ra6+ Kg7 39. Rd6 Rc5 40. Kd2 Kh7 41. Re6 Kg7 42. h5 Kf7 43. Rg6 Rd5+ 44. Kc2 Rc5 45. g4 fxg4 46. Rxg4 Rxh5 47. Rxe4 Rh2 48. Rf4+ Ke6 49. Kd3 Rh1 50. Rb4 Ra1 51. Rxb5 Rxa3 52. Ra5 Ra1 53. Ke4 (53. f4 $142 Kd7 54. f5) 53... a3 54. Ra6+ Ke7 55. f4 a2 56. c4 Kd7 57. Ke5 Re1 58. Rxa2 Rxe3+ 59. Kd4 Rf3 60. Ke4 Rc3 61. Rd2+ Ke6 62. f5+ Ke7 63. Rd4 Ra3 64. Ke5 Ra6 65. c5 {[%cal Bc4c5,Bc5c6][%mdl 32]} Rc6 66. Kd5 Rf6 67. Re4+ Kd7 68. Re5 Rh6 69. Re6 Rh1 70. c6+ Kd8 71. Ke5 (71. f6 $18 Rd1+ 72. Kc5 Rc1+ 73. Kd6 Rd1+ 74. Ke5 Re1+ 75. Kd5 Rd1+ 76. Ke5) 71... Re1+ 72. Kf6 Rf1 73. Kg6 (73. c7+ $18 Kxc7 74. Kg6) 73... Rg1+ 74. Kf7 Rg2 75. f6 {[%cal Bf5f6,Bf6f7][%mdl 32]} Rg1 76. c7+ Kxc7 {White mates.} 77. Ke7 Rd1 78. f7 Rd7+ 79. Kf6 Rd8 80. Re8 Rd6+ 81. Kg7 {Precision: White = 73%, Black = 26%.} 1-0

[Event "Sabadell Open 2018"]
[Site "Sabadell"]
[Date "2018.09.10"]
[Round "9"]
[White "Nadal Fajardo, Ricard"]
[Black "Prats Rodriguez, Juan Bosco"]
[Result "1/2-1/2"]
[WhiteElo "1920"]
[BlackElo "1997"]
[Annotator "NA"]
[PlyCount "27"]
[EventDate "2018.09.01"]
[EventType "swiss"]
[EventCountry "ESP"]
[SourceTitle "playchess.com"]
[Source "ChessBase"]
[SourceQuality "1"]
[TimeControl "5400+30"]

1. d4 {[%emt 0:00:00]} d5 {[%emt 0:00:00]} 2. Nf3 {[%emt 0:00:00]} Nf6 {[%emt 0:00:00]} 3. g3 {[%emt 0:00:00]} Bf5 {[%emt 0:00:38]} 4. Bg2 {[%emt 0:00:18]} e6 {[%emt 0:00:00]} 5. O-O {[%emt 0:00:10]} Be7 {[%emt 0:00:16]} 6. c4 {[%emt 0:00:19]} c6 {[%emt 0:00:09]} 7. Nc3 {[%emt 0:00:55]} O-O {[%emt 0:00:51]} 8. b3 {[%emt 0:00:34]} Nbd7 {[%emt 0:02:19]} 9. Bb2 {[%emt 0:01:19]} Ne4 {[%emt 0:03:38]} 10. Nd2 {[%emt 0:03:45]} Nxc3 {[%emt 0:01:21]} 11. Bxc3 {[%emt 0:00:06]} Nf6 {[%emt 0:00:36]} 12. Qc1 {[%emt 0:05:49]} Rb8 {[%emt 0:11:55]} 13. a4 {[%emt 0:06:10]} a5 {[%emt 0:11:58]} 14. Qb2 {[%emt 0:13:02]} 1/2-1/2